• 首页
  • 本馆介绍
  • 公告通知
  • 最新文献
  • 馆藏检索
  • 电子资源
  • 读者导购
  • 参考咨询
  • 我的图书馆
  • 登录
  • 详细信息显示
  • 放入我的书架
  • 预约/预借图书
  • 作者相关作品
  • 分类相关作品
  • 丛书相关作品
  • 出版社相关作品

书目信息

  • 表格格式
  • 工作单格式
  • 卡片格式
题名:
萨克斯管演奏中国民歌
    
 
作者: 李满龙 改编/演奏
分册:  
出版信息: 北京   人民音乐出版社  2006
页数: 24页
开本: 31cm
丛书名: 中国旋律
单 册:
中图分类: J647.12
科图分类:
主题词: 萨克管--器乐曲--中国--现代--选集 , 萨克管 , 器乐曲
电子资源:
ISBN: 7-103-03185-1
000 00942nam0 2200289 450
001 003261299
005 20070805170033.21
010    @a7-103-03185-1@dCNY25.00
100    @a20060104d2006 em y0chiy0110 ea
101 0  @achi@eeng
102    @aCN@b110000
105    @aag z 000yy
200 1  @a萨克斯管演奏中国民歌@Asa ke si guan yan zou zhong guo min ge@9zhong guo xuan lv@dMelodies of China@f李满龙改编、演奏@zeng
210    @a北京@c人民音乐出版社@d2006
215    @a24页@d31cm@e1光盘
225 2  @a中国旋律
304    @a英文题名中b为E的右上角标
307    @a附光盘:ISRC CN-M26-06-314-00
410  0 @12001 @a中国旋律
510 1  @aMelodies of China@eplaying Chinese folk songs on Eb saxphone@zeng
606 0  @a萨克管@x器乐曲@y中国@z现代@j选集
606 0  @a萨克管
606 0  @a器乐曲
690    @aJ647.12@v4
701  0 @a李满龙@9li man long@f(1977~)@4改编/演奏
801  0 @aCN@bNLC@c20070805
905    @a10447@dJ647.12@e121
    
    萨克斯管演奏中国民歌=Melodies of China/李满龙改编、演奏.-北京:人民音乐出版社,2006
    24页;31cm+1光盘.-(中国旋律)
    
    
    ISBN 7-103-03185-1:CNY25.00
    
●
相关链接 在E读中查询图书 在五车中查询图书 在当当中查询图书 在豆瓣中查询图书


正题名:萨克斯管演奏中国民歌     索取号:J647.12/121         预约/预借

序号 登录号 条形码 馆藏地/架位号 状态 备注
1 0809073   208090732   第一样本阅览室/ [索取号:J647.12/121] 在馆    
2 0809074   208090741   第一借阅区/ [索取号:J647.12/121] 在馆    
3 0809075   208090750   第一借阅区/ [索取号:J647.12/121] 在馆    
4 0809076   208090769   第一借阅区/ [索取号:J647.12/121] 在馆    
5 0809077   208090778   密集书库-音乐系/ [索取号:J647.12/121] 在馆    
唐山师范学院图书馆 欢迎您!
大连网信软件有限公司© 版权所有